000 00186nam a2200085 4500
001 1258858
005 20260401104819.0
245 _aBİLİM ÇOCUK
_cKOMİSYON
260 _bTÜBİTAK YAYINLARI
999 _c1258858
_d1258858